000 00609nam a22002297a 4500
003 UA-OsUOA
001 41356
007 ta
008 20080723b un ||||| |||| 00| 0 ukr d
100 _aФединяк С. (о. ЧСВВ)
090 _a235.3
_bФ32
942 _cBR
040 _aUA-OsUOA
_bukr
_cUA-OsUOA
_dUA-OsUOA
245 _aІсторія мощів Св. Василія В.
300 _a23 с.
955 _a4
041 _aukr
080 _a235.3
260 _aЙорктон
_bБібліотека "Логосу"
_c1966
650 7 _a2 Релігія. Теологія.
_2UDC
999 _c439856
_d439856